Desarrollo del Módulo de Control de Expedientes para el área de Crédito de Consumo de una Entidad Financiera
Presenta el desarrollo de un módulo de control de expedientes para el área de crédito de consumo, así como el desarrollo de la metodología de desarrollo rápido de aplicaciones en Cloud Computing con la plataforma de software empresarial Salesforce.
| Main Author: | |
|---|---|
| Other Authors: | |
| Format: | Tesis Section = Libro |
| Language: | Undetermined Spanish |
| Published: |
Managua
UNI
2018
|
| Subjects: |
| LEADER | 01214nam a2200277Ia 4500 | ||
|---|---|---|---|
| 008 | 240830s9999 xx 000 0 und d | ||
| 040 | |a BIBLIOTECA-RUSB/ Mon 005.1 S211 | ||
| 041 | |a spa | ||
| 082 | |a Mon 005.1 S211 | ||
| 100 | 1 | |a Sánchez Alvarado, Lizeth de los Ángeles | |
| 245 | 1 | 0 | |a Desarrollo del Módulo de Control de Expedientes para el área de Crédito de Consumo de una Entidad Financiera |
| 260 | |a Managua |b UNI |c 2018 | ||
| 300 | |a 57 p. :il. | ||
| 500 | |a Prácticas profesionales, anexos e Incluye: CD. | ||
| 502 | |a Tesis (Ingeniero en Computación) - UNI, 2018. | ||
| 520 | 3 | |a Presenta el desarrollo de un módulo de control de expedientes para el área de crédito de consumo, así como el desarrollo de la metodología de desarrollo rápido de aplicaciones en Cloud Computing con la plataforma de software empresarial Salesforce. | |
| 650 | 7 | |a COMPUTACION EN LA NUBE | |
| 650 | 7 | |b TECNOLOGIA DE LA INFORMACION | |
| 650 | 7 | |c DESARROLLO DE PROGRAMA PARA COMPUTADORA | |
| 650 | 7 | |d SERVICIO AL CLIENTE | |
| 650 | 7 | |e PRACTICAS PROFESIONALES | |
| 650 | 7 | |f BASES DE DATOS | |
| 700 | 1 | |a Tutor: |b Valle Izaguirre, Flor de María | |
| 942 | |c BK |2 ddc | ||
| 991 | |a TESIS | ||
| 999 | |c 19701 | ||